Desperate Housewives Family Names - Statistics

General Stats
  • This quiz has been taken 379 times
  • The average score is 7 of 15
Answer Stats
First name Family Name % Correct
Betty Applewhite
83%
Dylan Mayfair
69%
Victor Lang
68%
Ida Greenberg
66%
George Williams
66%
Gloria Hodge
62%
Chuck Vance
58%
Carolyn Bigsby
49%
Wayne Davis
42%
Bob Hunter
42%
Lee McDermott
39%
Sophie Bremmer
33%
Robin Gallagher
24%
Keith Watson
24%
Rick Coletti
22%
No matching quizzes found
Score Distribution
Percent of People with Each Score
Percentile by Number Answered
Your Score History
You have not taken this quiz